The e-policy handbook designing and implementing effective e-mail, Internet, and software policies /

Bibliographic Details
Main Author: Flynn, Nancy, 1956-
Corporate Author: ProQuest (Firm)
Format: Electronic eBook
Language:English
Published: New York : AMACOM, c2001.
Subjects:
Online Access:Click to View
LEADER 01435nam a22003734a 4500
001 EBC3001817
003 MiAaPQ
005 20200520144314.0
006 m o d |
007 cr cn|||||||||
008 000725s2001 nyu sb 001 0 eng
020 |z 0814470912 (pbk.) 
020 |a 081442550X (electronic bk.) 
035 |a (MiAaPQ)EBC3001817 
035 |a (Au-PeEL)EBL3001817 
035 |a (CaPaEBR)ebr10120204 
035 |a (OCoLC)47009726 
040 |a MiAaPQ  |c MiAaPQ  |d MiAaPQ 
050 4 |a HE7551  |b .F58 2001 
082 0 4 |a 004/.068  |2 21 
100 1 |a Flynn, Nancy,  |d 1956- 
245 1 4 |a The e-policy handbook  |h [electronic resource] :  |b designing and implementing effective e-mail, Internet, and software policies /  |c Nancy L. Flynn. 
246 1 4 |a Epolicy handbook 
260 |a New York :  |b AMACOM,  |c c2001. 
300 |a xviii, 285 p. 
504 |a Includes bibliographical references and index. 
533 |a Electronic reproduction. Ann Arbor, MI : ProQuest, 2015. Available via World Wide Web. Access may be limited to ProQuest affiliated libraries. 
650 0 |a Computer network resources  |x Management. 
650 0 |a Computer software  |x Management. 
650 0 |a Electronic mail systems  |x Management. 
650 0 |a Information technology  |x Management. 
655 4 |a Electronic books. 
710 2 |a ProQuest (Firm) 
856 4 0 |u https://ebookcentral.proquest.com/lib/matrademy/detail.action?docID=3001817  |z Click to View